00672nam a2200169 a 450000100100000000500170001000800410002704000250006808200150009324500570010826000470016530000270021259000260023970000340026595201860029999900170048500003586220200930074656.0111115s1970 xxu r 000 0 spa d aDO-SdBNPbspacBNPHU axxxxbxxxx00aA galaxy of black writing /ceditor R. Baird Shuman. aEstados Unidos :bMoore Publishing,c1970. axiii, 441 p. ;c22 cm. aInventariado, 2019/BT1 aShuman, R. Baird,eed.961845 001050718MOaGRbGRcHDd2011-11-15iLF1l0oxxxx xxxxp35862-10r2020-06-25w2020-06-25y1zPerteneció a la biblioteca personal de Juan Isidro Jimenes -GrullónZNo se presta c35353d35353